Central Library OPAC University of Rajshahi

Experimental harmonic motion : (Record no. 71783)

MARC details
000 -LEADER
fixed length control field 00848nam a2200265 a 4500
001 - CONTROL NUMBER
control field 71783
003 - CONTROL NUMBER IDENTIFIER
rucl marc code BD-RjUL
005 - DATE AND TIME OF LATEST TRANSACTION
control field 20211209082148.0
008 - FIXED-LENGTH DATA ELEMENTS--GENERAL INFORMATION
fixed length control field 170508s1922 enka 000 0 eng d
035 ## - SYSTEM CONTROL NUMBER
System control number (BD-RjUL)71999
040 ## - CATALOGING SOURCE
Original cataloging agency KKA
Transcribing agency KKA
Modifying agency BD-RjUL
Language of cataloging eng
041 ## - LANGUAGE CODE
Language code of text/sound track or separate title eng
082 ## - DEWEY DECIMAL CLASSIFICATION NUMBER
Edition number 23
Classification number 311.11
Author mark and year SEE 1922
100 1# - MAIN ENTRY--PERSONAL NAME
Personal name Searle, G. F. C.
Fuller form of name (George Frederick Charles),
Dates associated with a name 1864-1954.
9 (RLIN) 212364
245 10 - TITLE STATEMENT
Title Experimental harmonic motion :
Remainder of title a manual for the laboratory /
Statement of responsibility, etc. by G.F.C. Searle.
250 ## - EDITION STATEMENT
Edition statement 2nd ed.
260 ## - PUBLICATION, DISTRIBUTION, ETC. (IMPRINT)
Place of publication, distribution, etc. Cambridge :
Name of publisher, distributor, etc. University Press,
Date of publication, distribution, etc. 1922.
300 ## - PHYSICAL DESCRIPTION
Pagination x, 100 p. :
Illustrations ill. ;
Size 22 cm.
490 ## - SERIES STATEMENT
Series statement Cambridge physical series
650 #0 - SUBJECT ADDED ENTRY--TOPICAL TERM
Topical term or geographic name as entry element Motion
9 (RLIN) 212365
General subdivision Physics
Topical term or geographic name as entry element Vibration
General subdivision quantum mechanics
9 (RLIN) 212731
Topical term or geographic name as entry element Kinematics.
9 (RLIN) 212366
830 #0 - SERIES ADDED ENTRY--UNIFORM TITLE
Uniform title Cambridge physical series
942 ## - ADDED ENTRY ELEMENTS (KOHA)
Source of classification or shelving scheme Dewey Decimal Classification
Koha item type Books
Holdings
Lost status Source of classification or shelving scheme Damaged status Not for loan Collection code Permanent Location Current Location Shelving location Date acquired Source of acquisition Total Checkouts Full call number Date last seen Copy number Koha item type
  Dewey Decimal Classification   Not For Loan Non-fiction Central Library, University of Rajshahi Central Library, University of Rajshahi Reading Room 30/03/1974 B. N. B. C   531.11 SEE 1922 08/05/2017 C-1 Books